[Event "POL-chT 2nd League"]
[Site "Jastrzebia Gora"]
[Date "2015.09.05"]
[Round "1.81"]
[White "Mazalon, Mariusz"]
[Black "Parol, Pawel"]
[Result "1/2-1/2"]
[WhiteElo "2040"]
[BlackElo "2039"]
[PlyCount "179"]
[EventDate "2015.09.05"]
[EventType "team-swiss"]
[EventRounds "9"]
[EventCountry "POL"]
[SourceTitle "EXT 2017"]
[Source "ChessBase"]
[SourceDate "2016.10.25"]
[SourceVersion "1"]
[SourceVersionDate "2016.10.25"]
[SourceQuality "1"]
[WhiteTeam "Bydgoszcz Hetman"]
[BlackTeam "Minsk Mazowiecki MTSz"]
[WhiteTeamCountry "POL"]
[BlackTeamCountry "POL"]

1. d4 e6 2. c4 Nf6 3. Nc3 d5 4. Nf3 Be7 5. Bf4 0-0 6. e3 c6 7. c5 b6 8. b4 a5 9. a3 Ba6 10. Bxa6 Nxa6 11. Qb1 b5 12. 0-0 a4 13. h3 Nh5 14. Bh2 f5 15. Ne5 Qe8 16. g4 fxg4 17. hxg4 Nf6 18. f4 h5 19. g5 Ng4 20. Nxg4 hxg4 21. Ra2 Qh5 22. Rg2 Kf7 23. Qd1 Rh8 24. Qxg4 Qxg4 25. Rxg4 Rh3 26. Rg3 Rah8 27. Rxh3 Rxh3 28. Nd1 Rh8 29. Nf2 Nb8 30. Nd3 Nd7 31. Kg2 Kg6 32. Bg3 Kf5 33. Kf3 Bd8 34. Ne1 Nf8 35. Ng2 Ng6 36. Re1 Rh3 37. e4+ dxe4+ 38. Kf2 Ne7 39. Ne3+ Kg6 40. Kg2 Rh8 41. Ng4 Kf5 42. Nf2 Bc7 43. Rxe4 Nd5 44. Kf3 Rh5 45. Re1 Nxf4 46. Ne4 Rh3 47. Nd6+ Bxd6 48. cxd6 Nd5 49. Re5+ Kg6 50. Kg4 Rh8 51. Rxe6+ Kf7 52. Re1 Rd8 53. Rc1 Ne3+ 54. Kf3 Nc4 55. Rc3 Ke6 56. Kg4 Rh8 57. Rc1 g6 58. Re1+ Kd5 59. d7 Rd8 60. Re7 Nb6 61. Re5+ Kc4 62. Rc5+ Kb3 63. Rxc6 Nxd7 64. Rxg6 Kxa3 65. Rg7 Nf8 66. Be5 Ne6 67. Rb7 Nxd4 68. g6 Kxb4 69. g7 Ne6 70. Kf5 Nxg7+ 71. Rxg7 a3 72. Ke4 a2 73. Rg2 Ka3 74. Rg3+ Ka4 75. Rg2 Ka3 76. Rg3+ Kb4 77. Rg2 Ra8 78. Ba1 Kb3 79. Rb2+ Kc4 80. Rc2+ Kb4 81. Kd3 Ra3+ 82. Kd2 Ka4 83. Kc1 b4 84. Kb2 Rh3 85. Rg2 b3 86. Rg4+ Kb5 87. Rg2 Rh1 88. Kxb3 Rxa1 89. Rxa2 Rxa2 90. Kxa2 1/2-1/2

[Event "POL-chT 2nd League"]
[Site "Szczyrk"]
[Date "2014.09.14"]
[Round "9.50"]
[White "Parol, Pawel"]
[Black "Grabarczyk, Miroslaw"]
[Result "0-1"]
[WhiteElo "2036"]
[BlackElo "2474"]
[PlyCount "80"]
[EventDate "2014.09.06"]
[EventType "team-swiss"]
[EventRounds "9"]
[EventCountry "POL"]
[SourceTitle "EXT 2015"]
[Source "ChessBase"]
[SourceDate "2014.11.20"]
[SourceVersion "1"]
[SourceVersionDate "2014.11.20"]
[SourceQuality "1"]
[WhiteTeam "Minsk Mazowiecki MTSz"]
[BlackTeam "Znin Baszta II"]
[WhiteTeamCountry "POL"]
[BlackTeamCountry "POL"]

1. d4 d5 2. c4 dxc4 3. e3 a6 4. Bxc4 Nf6 5. Nf3 e6 6. 0-0 c5 7. dxc5 Bxc5 8. Qxd8+ Kxd8 9. Rd1+ Ke7 10. a3 Nbd7 11. Nc3 b5 12. Be2 Bb7 13. b4 Bd6 14. Nd4 Rhc8 15. Bd2 Nb6 16. Be1 Ne4 17. Bf3 Nxc3 18. Bxb7 Nxd1 19. Rxd1 Be5 20. Nc6+ Rxc6 21. Bxc6 Ra7 22. f4 Bb2 23. Bf2 Rc7 24. Bf3 Bxa3 25. e4 Na4 26. Be1 Bc1 27. g3 f6 28. Rd3 Bb2 29. Bd1 Bc3 30. Bxc3 Nxc3 31. Bf3 Rc4 32. e5 fxe5 33. fxe5 Nd5 34. Bxd5 exd5 35. Rxd5 Rxb4 36. Rd6 a5 37. Ra6 a4 38. Ra7+ Ke6 39. Rxg7 a3 40. Rxh7 a2 0-1